A popular guide to the heavens (Record no. 552868)
[ view plain ]
| 000 -LEADER | |
|---|---|
| fixed length control field | 00654cam a2200181Ka 4500 |
| 082 ## - DEWEY DECIMAL CLASSIFICATION NUMBER | |
| Classification number | 523.2 |
| Author Mark | BAL |
| 100 1# - MAIN ENTRY--PERSONAL NAME | |
| Personal name | Ball, Robert S. |
| 245 12 - TITLE STATEMENT | |
| Title | A popular guide to the heavens |
| Remainder of title | a series of eighty-three plates, with explanatory text & index / |
| Statement of responsibility, etc. | by Sir Robert Stawell Ball. |
| 260 ## - PUBLICATION, DISTRIBUTION, ETC. | |
| Place of publication, distribution, etc. | New York : |
| Name of publisher, distributor, etc. | D. Van Nostrand, |
| Date of publication, distribution, etc. | [pref. 1904] |
| 300 ## - PHYSICAL DESCRIPTION | |
| Extent | 1 online resource (xii, 96 p., 83 leaves of plates) : |
| Other physical details | ill. |
| 500 ## - GENERAL NOTE | |
| General note | Includes index. |
| 526 ## - STUDY PROGRAM INFORMATION NOTE | |
| Program name | 0 |
| Interest level | 0 |
| Reading level | 0 |
| Title point value | 523_200000000000000_BAL |
| 650 #0 - SUBJECT ADDED ENTRY--TOPICAL TERM | |
| Topical term or geographic name entry element | Astronomy |
| 650 #0 - SUBJECT ADDED ENTRY--TOPICAL TERM | |
| Topical term or geographic name entry element | MCE |
| 9 (RLIN) | 379 |
| 650 #0 - SUBJECT ADDED ENTRY--TOPICAL TERM | |
| Topical term or geographic name entry element | Stars |
| 9 (RLIN) | 39572 |
| 856 40 - ELECTRONIC LOCATION AND ACCESS | |
| Uniform Resource Identifier | <a href="http://catalog.hathitrust.org/api/volumes/oclc/7288708.html">http://catalog.hathitrust.org/api/volumes/oclc/7288708.html</a> |
| 942 ## - ADDED ENTRY ELEMENTS (KOHA) | |
| Source of classification or shelving scheme | |
| Koha item type | Book |
| Withdrawn status | Lost status | Source of classification or shelving scheme | Damaged status | Not for loan | Permanent Location | Current Location | Shelving location | Date acquired | Total Checkouts | Full call number | Barcode | Date last seen | Price effective from | Koha item type |
|---|---|---|---|---|---|---|---|---|---|---|---|---|---|---|
| Military College of Engineering (MCE) | Military College of Engineering (MCE) | 01/26/2015 | 523.2 BAL | MCE-ECP/45 | 01/26/2015 | 01/26/2015 | Book |
